[Event "ODJM B 2024"]
[Site "Willingen GER"]
[Date "2024.05.20"]
[Round "3"]
[White "Schedel, Loris"]
[Black "Prashanthakumar, Arju"]
[Result "1-0"]
[Termination "normal"]
[Board "2"]
[WhiteElo "1819"]
[BlackElo "1668"]
[WhiteClock "00:04:58"]
[BlackClock "00:08:38"]
[PlyCount "61"]
[WhiteFideId "16255542"]
[BlackFideId "34604065"]
[EventCountry "GER"]
[EventRounds "9"]
[EventType "swiss"]
[EventDate "2024.05.18"]

1. e4 {[%clk 01:30:55]} {[%emt 00:00:04]} e6 {[%clk 01:30:53]} {[%emt
00:00:08]} 2. Nf3 {[%clk 01:31:15]} {[%emt 00:00:11]} d5 {[%clk 01:31:16]}
{[%emt 00:00:07]} 3. e5 {[%clk 01:31:37]} {[%emt 00:00:08]} c5 {[%clk
01:31:35]} {[%emt 00:00:11]} 4. c3 {[%clk 01:31:56]} {[%emt 00:00:10]} Nc6
{[%clk 01:31:57]} {[%emt 00:00:08]} 5. Na3 {[%clk 01:32:16]} {[%emt 00:00:10]}
a6 {[%clk 01:29:29]} {[%emt 00:02:58]} 6. Nc2 {[%clk 01:30:27]} {[%emt
00:02:19]} Bd7 {[%clk 01:27:56]} {[%emt 00:02:03]} 7. d4 {[%clk 01:30:17]}
{[%emt 00:00:41]} Nge7 {[%clk 01:27:41]} {[%emt 00:00:44]} 8. Bd3 {[%clk
01:28:05]} {[%emt 00:02:41]} cxd4 {[%clk 01:19:37]} {[%emt 00:08:36]} 9. cxd4
{[%clk 01:25:32]} {[%emt 00:03:02]} Nf5 {[%clk 01:16:29]} {[%emt 00:03:38]} 10.
O-O {[%clk 01:24:29]} {[%emt 00:01:33]} Be7 {[%clk 01:15:41]} {[%emt 00:01:18]}
11. Kh1 {[%clk 01:12:49]} {[%emt 00:12:10]} O-O {[%clk 01:13:08]} {[%emt
00:03:02]} 12. Rg1 {[%clk 00:58:56]} {[%emt 00:14:23]} f6 {[%clk 00:51:39]}
{[%emt 00:22:00]} 13. g4 {[%clk 00:46:11]} {[%emt 00:13:14]} fxe5 {[%clk
00:49:41]} {[%emt 00:02:29]} 14. gxf5 {[%clk 00:40:04]} {[%emt 00:06:37]} e4
{[%clk 00:49:47]} {[%emt 00:00:24]} 15. Ne5 {[%clk 00:31:10]} {[%emt 00:09:24]}
exd3 {[%clk 00:45:12]} {[%emt 00:05:05]} 16. Qg4 {[%clk 00:28:04]} {[%emt
00:03:36]} Bf6 {[%clk 00:41:29]} {[%emt 00:04:13]} 17. fxe6 {[%clk 00:25:24]}
{[%emt 00:03:10]} Be8 {[%clk 00:39:30]} {[%emt 00:02:29]} 18. Bh6 {[%clk
00:22:14]} {[%emt 00:03:39]} Qe7 {[%clk 00:38:08]} {[%emt 00:01:53]} 19. Ne3
{[%clk 00:21:00]} {[%emt 00:01:44]} Nxe5 {[%clk 00:31:22]} {[%emt 00:07:15]}
20. dxe5 {[%clk 00:20:42]} {[%emt 00:00:49]} Bxe5 {[%clk 00:31:38]} {[%emt
00:00:13]} 21. Nxd5 {[%clk 00:13:52]} {[%emt 00:07:21]} Bc6 {[%clk 00:29:28]}
{[%emt 00:02:40]} 22. Qe4 {[%clk 00:08:30]} {[%emt 00:05:52]} Qd6 {[%clk
00:22:55]} {[%emt 00:07:03]} 23. Bxg7 {[%clk 00:07:44]} {[%emt 00:01:15]} Bg3
{[%clk 00:08:49]} {[%emt 00:14:37]} 24. Rxg3 {[%clk 00:06:16]} {[%emt
00:01:58]} Qxg3 {[%clk 00:08:36]} {[%emt 00:00:43]} 25. hxg3 {[%clk 00:06:15]}
{[%emt 00:00:30]} Kxg7 {[%clk 00:08:44]} {[%emt 00:00:23]} 26. Qe5+ {[%clk
00:04:38]} {[%emt 00:02:07]} Kh6 {[%clk 00:07:42]} {[%emt 00:01:32]} 27. Kg2
{[%clk 00:04:28]} {[%emt 00:00:39]} Rfd8 {[%clk 00:07:36]} {[%emt 00:00:37]}
28. Rh1+ {[%clk 00:04:29]} {[%emt 00:00:29]} Kg6 {[%clk 00:07:59]} {[%emt
00:00:06]} 29. Qh5+ {[%clk 00:04:42]} {[%emt 00:00:18]} Kg7 {[%clk 00:08:16]}
{[%emt 00:00:13]} 30. Qxh7+ {[%clk 00:05:04]} {[%emt 00:00:08]} Kf8 {[%clk
00:08:38]} {[%emt 00:00:07]} 31. Qf7# {[%clk 00:04:58]} {[%emt 00:00:06]} 1-0

[Event "ODJM B 2024"]
[Site "Willingen GER"]
[Date "2024.05.20"]
[Round "3"]
[White "Kelembet, Maksym"]
[Black "Barsov, Vladislav"]
[Result "1-0"]
[Termination "normal"]
[Board "3"]
[WhiteElo "1611"]
[BlackElo "1893"]
[WhiteClock "00:26:47"]
[BlackClock "00:55:03"]
[PlyCount "73"]
[WhiteFideId "34684735"]
[BlackFideId "34613757"]
[EventCountry "GER"]
[EventRounds "9"]
[EventType "swiss"]
[EventDate "2024.05.18"]

1. Nf3 {[%clk 01:30:58]} {[%emt 00:00:02]} g6 {[%clk 01:30:56]} {[%emt
00:00:04]} 2. d4 {[%clk 01:31:24]} {[%emt 00:00:03]} Bg7 {[%clk 01:31:23]}
{[%emt 00:00:04]} 3. c4 {[%clk 01:31:50]} {[%emt 00:00:05]} d6 {[%clk
01:31:49]} {[%emt 00:00:03]} 4. Nc3 {[%clk 01:32:13]} {[%emt 00:00:07]} Nd7
{[%clk 01:32:12]} {[%emt 00:00:07]} 5. Qc2 {[%clk 01:32:32]} {[%emt 00:00:12]}
e5 {[%clk 01:32:34]} {[%emt 00:00:07]} 6. dxe5 {[%clk 01:32:56]} {[%emt
00:00:06]} dxe5 {[%clk 01:32:56]} {[%emt 00:00:08]} 7. Bg5 {[%clk 01:29:02]}
{[%emt 00:04:24]} f6 {[%clk 01:30:41]} {[%emt 00:02:44]} 8. Bh4 {[%clk
01:29:27]} {[%emt 00:00:06]} Nh6 {[%clk 01:30:58]} {[%emt 00:00:14]} 9. e3
{[%clk 01:29:37]} {[%emt 00:00:20]} Nc5 {[%clk 01:29:35]} {[%emt 00:01:52]} 10.
Rd1 {[%clk 01:29:09]} {[%emt 00:00:58]} Qe7 {[%clk 01:22:06]} {[%emt 00:08:00]}
11. Be2 {[%clk 01:24:17]} {[%emt 00:05:22]} O-O {[%clk 01:20:55]} {[%emt
00:01:41]} 12. O-O {[%clk 01:24:22]} {[%emt 00:00:25]} Nf5 {[%emt 00:00:11]}
13. Bg3 {[%clk 01:23:43]} {[%emt 00:01:05]} Be6 {[%clk 01:20:42]} {[%emt
00:01:04]} 14. b4 {[%clk 01:23:35]} {[%emt 00:00:39]} Nd7 {[%clk 01:20:21]}
{[%emt 00:00:52]} 15. a3 {[%clk 01:22:51]} {[%emt 00:01:14]} Nb6 {[%clk
01:17:55]} {[%emt 00:02:56]} 16. c5 {[%clk 01:07:24]} {[%emt 00:15:56]} Nd7
{[%clk 01:17:14]} {[%emt 00:01:10]} 17. Nd5 {[%clk 01:07:04]} {[%emt 00:00:52]}
Qf7 {[%clk 01:15:37]} {[%emt 00:02:06]} 18. Nxc7 {[%clk 00:57:53]} {[%emt
00:09:40]} Bb3 {[%clk 01:15:46]} {[%emt 00:00:22]} 19. Rxd7 {[%clk 00:58:10]}
{[%emt 00:00:13]} Bxc2 {[%clk 01:14:42]} {[%emt 00:01:34]} 20. Rxf7 {[%clk
00:58:31]} {[%emt 00:00:09]} Kxf7 {[%clk 01:14:37]} {[%emt 00:00:35]} 21. Nxa8
{[%clk 00:58:54]} {[%emt 00:00:06]} Rxa8 {[%clk 01:15:02]} {[%emt 00:00:06]}
22. Rc1 {[%clk 00:57:06]} {[%emt 00:02:18]} Bb3 {[%clk 01:13:35]} {[%emt
00:01:56]} 23. Rc3 {[%clk 00:52:16]} {[%emt 00:05:21]} Bd5 {[%clk 01:13:12]}
{[%emt 00:00:53]} 24. Kf1 {[%clk 00:40:05]} {[%emt 00:12:40]} a5 {[%clk
01:07:02]} {[%emt 00:06:41]} 25. b5 {[%clk 00:39:31]} {[%emt 00:01:04]} Rc8
{[%clk 01:07:00]} {[%emt 00:00:32]} 26. Nd2 {[%clk 00:29:27]} {[%emt 00:10:34]}
Ne7 {[%clk 00:56:20]} {[%emt 00:11:10]} 27. Nc4 {[%clk 00:25:37]} {[%emt
00:04:20]} Nf5 {[%clk 00:54:37]} {[%emt 00:02:13]} 28. Nb6 {[%clk 00:25:27]}
{[%emt 00:00:40]} Rd8 {[%clk 00:53:52]} {[%emt 00:01:14]} 29. Nxd5 {[%clk
00:25:46]} {[%emt 00:00:12]} Rxd5 {[%clk 00:54:12]} {[%emt 00:00:10]} 30. Bc4
{[%clk 00:26:10]} {[%emt 00:00:06]} Ke6 {[%clk 00:54:15]} {[%emt 00:00:27]} 31.
e4 {[%clk 00:26:29]} {[%emt 00:00:10]} Nd4 {[%clk 00:53:43]} {[%emt 00:01:03]}
32. Bxd5+ {[%clk 00:26:41]} {[%emt 00:00:18]} Kd7 {[%clk 00:54:09]} {[%emt
00:00:04]} 33. a4 {[%clk 00:26:50]} {[%emt 00:00:22]} Kc7 {[%clk 00:54:17]}
{[%emt 00:00:21]} 34. f3 {[%clk 00:26:45]} {[%emt 00:00:34]} Bh6 {[%clk
00:54:38]} {[%emt 00:00:09]} 35. Bg8 {[%clk 00:26:07]} {[%emt 00:01:08]} Bd2
{[%clk 00:54:46]} {[%emt 00:00:23]} 36. Rd3 {[%clk 00:26:24]} {[%emt 00:00:13]}
Bb4 {[%clk 00:55:03]} {[%emt 00:00:13]} 37. Rxd4 {[%clk 00:26:47]} {[%emt
00:00:06]} 1-0

[Event "ODJM B 2024"]
[Site "Willingen GER"]
[Date "2024.05.20"]
[Round "3"]
[White "Roth, Jonas"]
[Black "Tomi, Emilian"]
[Result "1-0"]
[Termination "normal"]
[Board "4"]
[WhiteElo "1766"]
[BlackElo "1649"]
[WhiteClock "00:27:48"]
[BlackClock "00:05:46"]
[PlyCount "97"]
[WhiteFideId "34623515"]
[BlackFideId "34651829"]
[EventCountry "GER"]
[EventRounds "9"]
[EventType "swiss"]
[EventDate "2024.05.18"]

1. d4 {[%clk 01:30:59]} {[%emt 01:23:09]} Nf6 {[%clk 01:30:55]} {[%emt
00:00:05]} 2. Nf3 {[%clk 01:31:25]} {[%emt 00:00:04]} e6 {[%clk 01:31:18]}
{[%emt 00:00:07]} 3. Bf4 {[%clk 01:31:51]} {[%emt 00:00:05]} c5 {[%clk
01:30:52]} {[%emt 00:00:56]} 4. e3 {[%clk 01:32:08]} {[%emt 00:00:12]} Qb6
{[%clk 01:30:15]} {[%emt 00:01:07]} 5. Qc1 {[%clk 01:31:02]} {[%emt 00:01:36]}
Nc6 {[%clk 01:26:23]} {[%emt 00:04:22]} 6. c3 {[%clk 01:30:45]} {[%emt
00:00:48]} d5 {[%clk 01:23:18]} {[%emt 00:03:35]} 7. Nbd2 {[%clk 01:31:01]}
{[%emt 00:00:14]} Be7 {[%clk 01:19:01]} {[%emt 00:04:46]} 8. Bd3 {[%clk
01:31:15]} {[%emt 00:00:16]} Bd7 {[%clk 01:18:29]} {[%emt 00:01:03]} 9. O-O
{[%clk 01:30:51]} {[%emt 00:00:54]} O-O {[%clk 01:18:11]} {[%emt 00:00:47]} 10.
Re1 {[%clk 01:31:11]} {[%emt 00:00:11]} Rfc8 {[%clk 01:15:54]} {[%emt
00:02:46]} 11. Qb1 {[%clk 01:30:35]} {[%emt 00:01:06]} h6 {[%clk 01:07:30]}
{[%emt 00:08:55]} 12. h3 {[%clk 01:27:08]} {[%emt 00:03:56]} Na5 {[%clk
01:06:47]} {[%emt 00:01:13]} 13. Ne5 {[%clk 01:26:23]} {[%emt 00:01:15]} Bb5
{[%clk 01:04:12]} {[%emt 00:03:05]} 14. Bc2 {[%clk 01:21:17]} {[%emt 00:05:35]}
Nc4 {[%clk 00:54:39]} {[%emt 00:10:04]} 15. Ndxc4 {[%clk 01:20:13]} {[%emt
00:01:34]} dxc4 {[%clk 00:51:52]} {[%emt 00:03:17]} 16. Qd1 {[%clk 01:18:11]}
{[%emt 00:02:31]} cxd4 {[%clk 00:46:20]} {[%emt 00:06:04]} 17. exd4 {[%clk
01:18:21]} {[%emt 00:00:20]} Bc6 {[%clk 00:45:33]} {[%emt 00:01:16]} 18. Nxc4
{[%clk 01:16:29]} {[%emt 00:02:22]} Qb5 {[%clk 00:45:17]} {[%emt 00:00:47]} 19.
Bb3 {[%clk 01:14:57]} {[%emt 00:02:01]} Bd5 {[%clk 00:40:13]} {[%emt 00:05:34]}
20. Ne5 {[%clk 01:12:51]} {[%emt 00:02:36]} Bxb3 {[%clk 00:40:26]} {[%emt
00:00:17]} 21. Qxb3 {[%clk 01:12:58]} {[%emt 00:00:22]} Qxb3 {[%clk 00:39:46]}
{[%emt 00:01:10]} 22. axb3 {[%clk 01:13:22]} {[%emt 00:00:07]} Nd5 {[%clk
00:39:51]} {[%emt 00:00:25]} 23. Be3 {[%clk 01:12:03]} {[%emt 00:01:49]} f6
{[%clk 00:36:35]} {[%emt 00:03:45]} 24. Nd3 {[%clk 01:09:24]} {[%emt 00:03:09]}
Kf7 {[%clk 00:36:07]} {[%emt 00:00:58]} 25. Bd2 {[%clk 01:04:11]} {[%emt
00:05:43]} a5 {[%clk 00:28:54]} {[%emt 00:07:44]} 26. Re2 {[%clk 00:54:25]}
{[%emt 00:10:16]} Bf8 {[%clk 00:28:19]} {[%emt 00:01:05]} 27. c4 {[%clk
00:49:12]} {[%emt 00:05:43]} Nb4 {[%clk 00:28:13]} {[%emt 00:00:35]} 28. Nxb4
{[%clk 00:44:34]} {[%emt 00:05:08]} Bxb4 {[%clk 00:27:32]} {[%emt 00:01:12]}
29. Bxb4 {[%clk 00:42:28]} {[%emt 00:02:37]} axb4 {[%clk 00:27:55]} {[%emt
00:00:06]} 30. Ree1 {[%clk 00:42:44]} {[%emt 00:00:14]} Ke7 {[%clk 00:24:22]}
{[%emt 00:04:03]} 31. Kf1 {[%clk 00:41:14]} {[%emt 00:02:00]} Kd6 {[%clk
00:22:55]} {[%emt 00:01:57]} 32. Ke2 {[%clk 00:40:11]} {[%emt 00:01:33]} b6
{[%clk 00:20:38]} {[%emt 00:02:47]} 33. Kd3 {[%clk 00:39:23]} {[%emt 00:01:18]}
e5 {[%clk 00:12:21]} {[%emt 00:08:47]} 34. dxe5+ {[%clk 00:31:10]} {[%emt
00:08:43]} fxe5 {[%clk 00:12:40]} {[%emt 00:00:10]} 35. Ra4 {[%clk 00:31:34]}
{[%emt 00:00:06]} Rxa4 {[%clk 00:11:48]} {[%emt 00:01:24]} 36. bxa4 {[%clk
00:31:59]} {[%emt 00:00:04]} Rf8 {[%clk 00:09:10]} {[%emt 00:03:08]} 37. f3
{[%clk 00:32:11]} {[%emt 00:00:18]} Rf4 {[%clk 00:08:00]} {[%emt 00:01:40]} 38.
b3 {[%clk 00:31:22]} {[%emt 00:01:19]} Rd4+ {[%clk 00:05:53]} {[%emt 00:02:37]}
39. Ke3 {[%clk 00:31:46]} {[%emt 00:00:06]} g5 {[%clk 00:04:04]} {[%emt
00:02:20]} 40. Ra1 {[%clk 00:31:28]} {[%emt 00:00:46]} h5 {[%clk 00:03:49]}
{[%emt 00:00:45]} 41. a5 {[%clk 00:31:17]} {[%emt 00:00:42]} bxa5 {[%clk
00:04:09]} {[%emt 00:00:10]} 42. Rxa5 {[%clk 00:31:36]} {[%emt 00:00:10]} g4
{[%clk 00:04:18]} {[%emt 00:00:22]} 43. hxg4 {[%clk 00:31:54]} {[%emt
00:00:12]} hxg4 {[%clk 00:04:37]} {[%emt 00:00:10]} 44. Rb5 {[%clk 00:27:17]}
{[%emt 00:05:07]} g3 {[%clk 00:04:44]} {[%emt 00:00:23]} 45. Rxb4 {[%clk
00:27:37]} {[%emt 00:00:11]} Rh4 {[%clk 00:05:00]} {[%emt 00:00:14]} 46. Rb6+
{[%clk 00:27:42]} {[%emt 00:00:24]} Kc5 {[%clk 00:05:24]} {[%emt 00:00:06]} 47.
Rg6 {[%clk 00:27:32]} {[%emt 00:00:41]} Kb4 {[%clk 00:05:43]} {[%emt 00:00:11]}
48. Rxg3 {[%clk 00:27:40]} {[%emt 00:00:21]} Kxb3 {[%clk 00:05:46]} {[%emt
00:00:28]} 49. Rg4 {[%clk 00:27:48]} {[%emt 00:00:21]} 1-0

[Event "ODJM B 2024"]
[Site "Willingen GER"]
[Date "2024.05.20"]
[Round "3"]
[White "Lampe, Finn"]
[Black "Beckmann, Jonathan"]
[Result "1-0"]
[Termination "normal"]
[Board "5"]
[WhiteElo "1688"]
[BlackElo "1827"]
[WhiteClock "00:10:02"]
[BlackClock "00:46:22"]
[PlyCount "125"]
[WhiteFideId "34683437"]
[BlackFideId "34672591"]
[EventCountry "GER"]
[EventRounds "9"]
[EventType "swiss"]
[EventDate "2024.05.18"]

1. e4 {[%clk 01:30:54]} {[%emt 00:00:05]} c5 {[%clk 01:30:53]} {[%emt
00:00:07]} 2. c3 {[%clk 01:31:09]} {[%emt 00:00:16]} d5 {[%clk 01:31:17]}
{[%emt 00:00:06]} 3. exd5 {[%clk 01:31:26]} {[%emt 00:00:13]} Qxd5 {[%clk
01:31:39]} {[%emt 00:00:07]} 4. d4 {[%clk 01:31:41]} {[%emt 00:00:15]} Nc6
{[%clk 01:31:23]} {[%emt 00:00:46]} 5. Nf3 {[%clk 01:31:54]} {[%emt 00:00:17]}
Bg4 {[%clk 01:31:05]} {[%emt 00:00:47]} 6. Be2 {[%clk 01:32:13]} {[%emt
00:00:11]} e6 {[%clk 01:31:09]} {[%emt 00:00:27]} 7. O-O {[%clk 01:30:31]}
{[%emt 00:02:12]} Nf6 {[%clk 01:30:37]} {[%emt 00:01:02]} 8. Qa4 {[%clk
01:28:35]} {[%emt 00:02:27]} cxd4 {[%clk 01:22:26]} {[%emt 00:08:41]} 9. cxd4
{[%clk 01:27:43]} {[%emt 00:01:21]} a6 {[%clk 01:16:51]} {[%emt 00:06:06]} 10.
Nc3 {[%clk 01:26:25]} {[%emt 00:01:48]} Qa5 {[%clk 01:11:23]} {[%emt 00:05:52]}
11. Qxa5 {[%clk 01:18:06]} {[%emt 00:08:55]} Nxa5 {[%clk 01:11:47]} {[%emt
00:00:06]} 12. Bf4 {[%clk 01:15:39]} {[%emt 00:02:56]} Be7 {[%clk 01:07:00]}
{[%emt 00:05:16]} 13. Rfd1 {[%clk 01:12:08]} {[%emt 00:04:02]} Nc6 {[%clk
01:04:19]} {[%emt 00:03:11]} 14. h3 {[%clk 01:08:20]} {[%emt 00:04:17]} Bh5
{[%clk 01:02:53]} {[%emt 00:01:57]} 15. d5 {[%clk 01:05:48]} {[%emt 00:03:02]}
exd5 {[%clk 01:02:28]} {[%emt 00:00:55]} 16. Nxd5 {[%clk 01:05:52]} {[%emt
00:00:26]} Nxd5 {[%clk 01:01:17]} {[%emt 00:01:41]} 17. Rxd5 {[%clk 01:05:57]}
{[%emt 00:00:25]} Bg6 {[%clk 01:01:34]} {[%emt 00:00:12]} 18. Rad1 {[%clk
00:55:30]} {[%emt 00:10:57]} Rd8 {[%clk 00:59:30]} {[%emt 00:02:35]} 19. Rxd8+
{[%clk 00:52:56]} {[%emt 00:03:04]} Bxd8 {[%clk 00:53:32]} {[%emt 00:06:28]}
20. Bc4 {[%clk 00:45:58]} {[%emt 00:07:27]} Bf6 {[%clk 00:49:33]} {[%emt
00:04:30]} 21. b3 {[%clk 00:41:56]} {[%emt 00:04:32]} h6 {[%clk 00:37:29]}
{[%emt 00:12:34]} 22. Bd6 {[%clk 00:33:16]} {[%emt 00:09:09]} Be7 {[%clk
00:22:22]} {[%emt 00:15:39]} 23. Re1 {[%clk 00:31:53]} {[%emt 00:01:52]} f6
{[%clk 00:19:22]} {[%emt 00:03:30]} 24. Bd5 {[%clk 00:27:07]} {[%emt 00:05:15]}
Kd7 {[%clk 00:18:22]} {[%emt 00:01:31]} 25. Bxe7 {[%clk 00:26:00]} {[%emt
00:01:37]} Nxe7 {[%clk 00:18:46]} {[%emt 00:00:05]} 26. Bxb7 {[%clk 00:26:07]}
{[%emt 00:00:23]} a5 {[%clk 00:19:04]} {[%emt 00:00:13]} 27. Nd4 {[%clk
00:23:27]} {[%emt 00:03:09]} Rb8 {[%clk 00:18:09]} {[%emt 00:01:25]} 28. Rxe7+
{[%clk 00:23:23]} {[%emt 00:00:35]} Kxe7 {[%clk 00:18:11]} {[%emt 00:00:28]}
29. Nc6+ {[%clk 00:23:47]} {[%emt 00:00:06]} Kd7 {[%clk 00:18:37]} {[%emt
00:00:04]} 30. Nxb8+ {[%clk 00:24:10]} {[%emt 00:00:07]} Kc7 {[%clk 00:19:01]}
{[%emt 00:00:06]} 31. Nc6 {[%clk 00:24:17]} {[%emt 00:00:23]} Kxb7 {[%clk
00:19:22]} {[%emt 00:00:09]} 32. Nxa5+ {[%clk 00:24:33]} {[%emt 00:00:14]} Kb6
{[%clk 00:19:44]} {[%emt 00:00:09]} 33. Nc4+ {[%clk 00:21:32]} {[%emt
00:03:30]} Kb5 {[%clk 00:20:01]} {[%emt 00:00:13]} 34. a3 {[%clk 00:21:08]}
{[%emt 00:00:51]} Bc2 {[%clk 00:19:31]} {[%emt 00:01:02]} 35. Nd2 {[%clk
00:21:25]} {[%emt 00:00:13]} Kc5 {[%clk 00:19:26]} {[%emt 00:00:36]} 36. Kh2
{[%clk 00:10:32]} {[%emt 00:11:24]} Kd4 {[%clk 00:18:18]} {[%emt 00:01:35]} 37.
b4 {[%clk 00:07:45]} {[%emt 00:03:19]} Kc3 {[%clk 00:18:07]} {[%emt 00:00:40]}
38. Nf3 {[%clk 00:07:37]} {[%emt 00:00:38]} Bd3 {[%clk 00:18:26]} {[%emt
00:00:11]} 39. Kg3 {[%clk 00:07:34]} {[%emt 00:00:34]} Kb3 {[%clk 00:18:39]}
{[%emt 00:00:17]} 40. Nd4+ {[%clk 00:07:22]} {[%emt 00:00:42]} Kxa3 {[%clk
00:18:54]} {[%emt 00:00:15]} 41. b5 {[%clk 00:07:37]} {[%emt 00:00:15]} Kb4
{[%clk 00:18:50]} {[%emt 00:00:34]} 42. b6 {[%clk 00:27:44]} {[%emt 00:10:23]}
Ba6 {[%clk 00:43:40]} {[%emt 00:05:39]} 43. Kf4 {[%clk 00:26:32]} {[%emt
00:01:42]} Kc5 {[%clk 00:43:29]} {[%emt 00:00:41]} 44. Ne6+ {[%clk 00:26:40]}
{[%emt 00:00:23]} Kxb6 {[%clk 00:43:58]} {[%emt 00:00:01]} 45. Nxg7 {[%clk
00:26:49]} {[%emt 00:00:21]} Kc6 {[%clk 00:44:07]} {[%emt 00:00:21]} 46. Nh5
{[%clk 00:24:34]} {[%emt 00:02:45]} Kd6 {[%clk 00:43:40]} {[%emt 00:00:56]} 47.
Nxf6 {[%clk 00:24:49]} {[%emt 00:00:15]} Ke6 {[%clk 00:44:06]} {[%emt
00:00:05]} 48. Ng4 {[%clk 00:22:27]} {[%emt 00:02:53]} h5 {[%clk 00:44:21]}
{[%emt 00:00:14]} 49. Ne3 {[%clk 00:21:08]} {[%emt 00:01:48]} Kf6 {[%clk
00:44:37]} {[%emt 00:00:14]} 50. Nd5+ {[%clk 00:19:47]} {[%emt 00:01:52]} Kg6
{[%clk 00:44:59]} {[%emt 00:00:08]} 51. h4 {[%clk 00:19:36]} {[%emt 00:00:41]}
Bb7 {[%clk 00:44:47]} {[%emt 00:00:41]} 52. Ke5 {[%clk 00:18:10]} {[%emt
00:01:55]} Ba6 {[%clk 00:44:55]} {[%emt 00:00:22]} 53. Nf4+ {[%clk 00:18:05]}
{[%emt 00:00:37]} Kh6 {[%clk 00:45:18]} {[%emt 00:00:07]} 54. Kf6 {[%clk
00:18:15]} {[%emt 00:00:19]} Bc4 {[%clk 00:45:19]} {[%emt 00:00:27]} 55. Ne6
{[%clk 00:17:38]} {[%emt 00:01:10]} Bf1 {[%clk 00:45:33]} {[%emt 00:00:16]} 56.
g3 {[%clk 00:17:59]} {[%emt 00:00:09]} Be2 {[%clk 00:45:55]} {[%emt 00:00:08]}
57. f4 {[%clk 00:18:19]} {[%emt 00:00:09]} Bg4 {[%clk 00:46:01]} {[%emt
00:00:24]} 58. Ng5 {[%clk 00:17:17]} {[%emt 00:01:32]} Be2 {[%clk 00:46:09]}
{[%emt 00:00:22]} 59. f5 {[%clk 00:14:03]} {[%emt 00:03:45]} Bg4 {[%clk
00:46:17]} {[%emt 00:00:22]} 60. Ke5 {[%clk 00:10:59]} {[%emt 00:03:34]} Be2
{[%clk 00:45:37]} {[%emt 00:01:10]} 61. f6 {[%clk 00:09:58]} {[%emt 00:01:31]}
Bg4 {[%clk 00:46:00]} {[%emt 00:00:07]} 62. Kd6 {[%clk 00:10:10]} {[%emt
00:00:18]} Kg6 {[%clk 00:46:22]} {[%emt 00:00:08]} 63. f7 {[%clk 00:10:02]}
{[%emt 00:00:37]} 1-0

[Event "ODJM B 2024"]
[Site "Willingen GER"]
[Date "2024.05.20"]
[Round "3"]
[White "Wildermuth, Nikolas Karl"]
[Black "Liang, Jiaxuan"]
[Result "1/2-1/2"]
[Termination "normal"]
[Board "6"]
[WhiteElo "1777"]
[BlackElo "1673"]
[WhiteClock "01:15:50"]
[BlackClock "01:14:48"]
[PlyCount "41"]
[WhiteFideId "16244699"]
[BlackFideId "34675205"]
[EventCountry "GER"]
[EventRounds "9"]
[EventType "swiss"]
[EventDate "2024.05.18"]

1. e4 {[%clk 01:30:56]} {[%emt 00:00:03]} e5 {[%clk 01:30:55]} {[%emt
00:00:06]} 2. Nf3 {[%clk 01:31:13]} {[%emt 00:00:12]} Nc6 {[%clk 01:31:16]}
{[%emt 00:00:10]} 3. Bb5 {[%clk 01:31:34]} {[%emt 00:00:09]} a6 {[%clk
01:31:27]} {[%emt 00:00:20]} 4. Ba4 {[%clk 01:31:55]} {[%emt 00:00:07]} Nf6
{[%clk 01:31:46]} {[%emt 00:00:11]} 5. O-O {[%clk 01:31:34]} {[%emt 00:00:51]}
Be7 {[%clk 01:30:34]} {[%emt 00:01:42]} 6. Re1 {[%clk 01:31:06]} {[%emt
00:00:58]} b5 {[%clk 01:30:40]} {[%emt 00:00:25]} 7. Bb3 {[%clk 01:31:25]}
{[%emt 00:00:11]} d6 {[%clk 01:30:38]} {[%emt 00:00:32]} 8. c3 {[%clk
01:31:26]} {[%emt 00:00:28]} O-O {[%clk 01:29:55]} {[%emt 00:01:14]} 9. h3
{[%clk 01:29:49]} {[%emt 00:02:06]} Nb8 {[%clk 01:27:53]} {[%emt 00:02:32]} 10.
d4 {[%clk 01:28:40]} {[%emt 00:01:39]} Nbd7 {[%clk 01:26:34]} {[%emt 00:01:50]}
11. Nbd2 {[%clk 01:26:57]} {[%emt 00:02:12]} Bb7 {[%clk 01:25:30]} {[%emt
00:01:35]} 12. Bc2 {[%clk 01:23:52]} {[%emt 00:03:34]} Re8 {[%clk 01:23:20]}
{[%emt 00:02:40]} 13. Nf1 {[%clk 01:21:20]} {[%emt 00:03:02]} Bf8 {[%clk
01:22:22]} {[%emt 00:01:29]} 14. Ng3 {[%emt 00:01:59]} g6 {[%clk 01:21:27]}
{[%emt 00:01:21]} 15. a4 {[%clk 01:19:16]} {[%emt 00:01:00]} c5 {[%clk
01:20:33]} {[%emt 00:01:33]} 16. d5 {[%clk 01:18:37]} {[%emt 00:01:08]} c4
{[%clk 01:20:00]} {[%emt 00:01:01]} 17. Bg5 {[%clk 01:18:20]} {[%emt 00:00:49]}
h6 {[%clk 01:18:18]} {[%emt 00:02:13]} 18. Be3 {[%clk 01:16:58]} {[%emt
00:01:51]} Nc5 {[%clk 01:17:49]} {[%emt 00:01:00]} 19. Qd2 {[%clk 01:16:25]}
{[%emt 00:01:03]} h5 {[%clk 01:15:13]} {[%emt 00:03:06]} 20. Bg5 {[%clk
01:15:57]} {[%emt 00:00:57]} Be7 {[%clk 01:14:48]} {[%emt 00:00:56]} 21. Ra3
{[%clk 01:15:50]} {[%emt 00:00:36]} 1/2-1/2